01792nam a2200157 a 4500008004100000020001500041041000800056100003000064245004300094250011200137260002600249300001100275500006500286505126800351655001501619180206e2000 sp ||||g |||| 00| 0 spa d a849214310X aspa1 aGibrán, Khalil Gibrán3 aEl profeta /cGibrán Khalil Gibrán a1a ed.bTraducción y prólogo Juan Cruz Martínez, Ilustraciones originales de Gibrán Khalil Gibrán aMadrid:bAlba;c2000. a141 p. aGibrán, K. G. (2000). El profeta. (1a ed.). Madrid : Alba. aUna de las obras maestras de la literatura universal es "El profeta". En la voz de Almustafá El Profeta se encierra la esencia última del pensamiento poético de Khalil Gibrán, poeta libanés emigrado a estados Unidos y perseguidor errante de la verdad y la belleza, en cuya personalidad se produce la prodigiosa síntesis del Oriente y el Occidente fertilizados por la sensibilidad de un autor subyugante. Cada relectura arrojará un nuevo valor, cada imagen evocada adquirirá un nuevo perfil. Siempre hay algo nuevo y sorprendente en las densas y breves páginas en las que se concentra el verbo creador de poeta libanés. Y es ésta la razón por la que "El Profeta" fue desde un primer momento un clásico predestinado a la inmortalidad. A través de un diálogo entre un profeta y los habitantes de su pueblo, Gibrán evoca cuestiones que van desde el amor, el matrimonio, el comer y el beber hasta el trabajo, la alegría, el dolor, la libertad… El autor libanés, en cuyo pensamiento místico confluyeron el cristianismo, el islam, el judaísmo y la teosofía, plantea un espiritualismo libre de dogmas y una filosofía universal, que nos acerca a lo fundamental y nos invita a repensar los valores que gobiernan nuestras vidas. aLiteratura